| 000 | 00653cam a22001697a 4500 | ||
|---|---|---|---|
| 008 | 180718b2007 xxu||||| |||| 00| 0 eng d | ||
| 020 | _a9781600219597 | ||
| 082 | _aT000 R298 | ||
| 245 |
_aMeasuring effectiveness in humanitarian and development Aid: conceptual frameworks, principles and practice _cedited by Andre M. N. Renzaho |
||
| 260 |
_aNew York _bNova Science _c2007 |
||
| 300 | _a359p. | ||
| 650 | _aMedical assistance --International cooperation --Evaluation. | ||
| 650 | _aInternational relief --Evaluation | ||
| 650 | _aEconomic assistance --Evaluation | ||
| 650 | _aHumanitarian assistance --Evaluation | ||
| 700 | _aRenzaho, Andre M. N. | ||
| 999 |
_c413873 _d413873 |
||